000 00468nam a2200181Ia 4500
001 23786
005 20260414151000.0
008 260414t2013||||xx |||||||||||||| ||spa||
041 _aESP
082 _a709.04
_bM98
100 _aChocarro Bujanda, Carlos
_eAUT
245 0 _aHello modern art! :
_bconversaciones en torno al arte del siglo XX
260 _c2013
300 _a131 páginas :
_c20 cm.
650 _aABD
654 _aCAU
942 _cLIB
_dJUS
_fJUS
_2ddc
_n
999 _c23786
_d23786